[Event "TIPC 2011"]
[Site "Roux, BEL"]
[Date "2011.07.31"]
[Round "2.14"]
[White "Ledent, Philippe"]
[Black "Barbier, Wim"]
[Result "0-1"]
[BlackElo "2147"]
[WhiteElo "1877"]

1.d4 d6 2.c4 e5 3.Nc3 exd4 4.Qxd4 Nc6 5.Qd2 g6 6.b3 Bg7 7.Bb2 Nf6 8.Nf3 O-O 9.
g3 Re8 10.Bg2 Bf5 11.O-O a5 12.Nh4 Bd7 13.e3 Rb8 14.Nf3 Nb4 15.a3 Na6 16.Nd4
Nc5 17.Rad1 h5 18.Qc2 h4 19.b4 axb4 20.axb4 Na6 21.Qb3 hxg3 22.hxg3 Qc8 23.Rfe1
Bh3 24.f3 Nh7 25.Ne4 Rxe4 26.fxe4 Ng5 27.Bh1 Qg4 28.Ne2 Nf3 29.Kf2 Nxe1 30.Rxe1
Qg5 31.Nf4 Bg4 32.Bxg7 Kxg7 33.Qc3 Qe5 34.Qxe5 dxe5 35.Nd3 Rd8 36.Nxe5 Be6 37.
Rb1 f6 38.Nf3 Bg4 39.e5 0-1

[Event "TIPC 2011"]
[Site "Roux, BEL"]
[Date "2011.07.31"]
[Round "2.15"]
[White "Schuermans, Robert"]
[Black "Cesar, Andre"]
[Result "1-0"]
[BlackElo "1851"]
[WhiteElo "2143"]

1.e4 d6 2.d4 Nf6 3.Nc3 g6 4.f4 Bg7 5.Nf3 c6 6.Be3 Nbd7 7.Bd3 Qc7 8.h3 b6 9.g4
Bb7 10.Qe2 a6 11.O-O O-O 12.e5 Nd5 13.Nxd5 cxd5 14.e6 fxe6 15.Ng5 Rf6 16.f5 Nf8
17.fxe6 h6 18.Rxf6 exf6 19.Nf7 Re8 20.Nxh6 Kh7 21.g5 Rxe6 22.Qf2 Qe7 23.Qh4
Bxh6 24.Qxh6 Kg8 25.gxf6 Qxf6 26.Rf1 Qg7 27.Qxg7 Kxg7 28.Bh6 Kxh6 29.Rxf8 b5
30.Rb8 Re7 31.Rd8 Re6 32.Rd7 Bc8 33.Rc7 Re8 34.Rc6 Rd8 35.Kh2 Kg5 36.Kg3 Kf6
37.h4 g5 38.h5 Ke7 39.Rc7 Kf6 40.Bg6 Rf8 41.Ra7 Ke6 42.h6 Kf6 43.Bd3 Rf7 44.h7
Rf8 45.a4 bxa4 46.Ra8 Re8 47.Bxa6 a3 48.bxa3 Rh8 49.Bxc8 Rxh7 50.Ra6 Rc7 51.
Rxd6 Ke7 52.Rd7 1-0

[Event "TIPC 2011"]
[Site "Roux, BEL"]
[Date "2011.07.31"]
[Round "2.16"]
[White "Gregorio Caballero, Santiago"]
[Black "De Villers, Mourad"]
[Result "0-1"]
[BlackElo "2121"]
[WhiteElo "1870"]

1.e4 c5 2.Nf3 d6 3.d4 cxd4 4.Nxd4 Nf6 5.Nc3 g6 6.Be3 Bg7 7.f3 Nc6 8.Bc4 O-O 9.
Qd2 Bd7 10.O-O-O Rc8 11.Bb3 Na5 12.Kb1 Re8 13.h4 h5 14.Rdg1 Nc4 15.Bxc4 Rxc4
16.g4 hxg4 17.h5 gxh5 18.Nd5 e5 19.Bh6 Nxd5 20.Bxg7 Kxg7 21.Rxh5 Nf4 22.Nf5
Bxf5 23.Rxf5 Re6 24.b3 Rd4 25.Qe3 Qb6 26.Kb2 Rg6 27.Rxf4 exf4 28.Qc3 Qc5 0-1

[Event "TIPC 2011"]
[Site "Roux, BEL"]
[Date "2011.07.31"]
[Round "2.18"]
[White "Knudde, Francis"]
[Black "Uhoda, Philippe"]
[Result "0-1"]
[BlackElo "2100"]
[WhiteElo "1849"]

1.d4 Nf6 2.Nf3 g6 3.Bf4 Bg7 4.Qc1 c5 5.c3 cxd4 6.cxd4 Nc6 7.Bh6 Bxh6 8.Qxh6 Qb6
9.Qd2 Ne4 10.Qc2 d5 11.e3 Bf5 12.Nh4 Qa5 13.Nc3 Nb4 14.Qb3 Nxc3 15.bxc3 Nc2 16.
Kd2 Nxa1 17.Qxb7 Qxa2 0-1

[Event "TIPC 2011"]
[Site "Roux, BEL"]
[Date "2011.07.31"]
[Round "2.19"]
[White "Remy, Joel"]
[Black "Willen, Ronny"]
[Result "1/2-1/2"]
[BlackElo "1842"]
[WhiteElo "2089"]

1.d4 Nf6 2.c4 g6 3.Nc3 Bg7 4.e4 d6 5.Be2 O-O 6.f4 c5 7.d5 e6 8.Bf3 exd5 9.cxd5
Re8 10.Nge2 b5 11.e5 Ng4 12.h3 Nh6 13.Nxb5 dxe5 14.fxe5 Rxe5 15.O-O Bb7 16.Bf4
Nf5 17.d6 Bxf3 18.Rxf3 Nc6 19.Bxe5 Nxe5 20.Rxf5 gxf5 21.Qc2 Qb6 22.Nc7 c4 23.
Kh1 Rd8 24.Qxf5 1/2-1/2

[Event "TIPC 2011"]
[Site "Roux, BEL"]
[Date "2011.07.31"]
[Round "2.21"]
[White "Burel, Iwan"]
[Black "Werner, Ivan"]
[Result "1-0"]
[BlackElo "2068"]
[WhiteElo "1841"]

1.e4 e5 2.Nf3 d6 3.d4 Nd7 4.c4 Ngf6 5.Nc3 Be7 6.Be2 h6 7.Be3 O-O 8.Qc2 c6 9.
O-O-O Ng4 10.h3 Nxe3 11.fxe3 Qc7 12.g4 a6 13.Rdg1 g6 14.h4 Kg7 15.h5 Bg5 16.
Nxg5 hxg5 17.Bf3 Nf6 18.hxg6 fxg6 19.Qh2 Rg8 20.Qh6 Kf7 21.Qxg5 Qe7 22.Rh6 Be6
23.Be2 Nd5 24.Rh7 Rg7 25.Qh6 1-0

[Event "TIPC 2011"]
[Site "Roux, BEL"]
[Date "2011.07.31"]
[Round "2.22"]
[White "Ackaert, Thierry"]
[Black "Gheury, Jean-Marie"]
[Result "1-0"]
[BlackElo "1837"]
[WhiteElo "2061"]

1.b4 c6 2.c4 e5 3.a3 d5 4.cxd5 cxd5 5.Bb2 Bd6 6.Nf3 f6 7.e3 Be6 8.Nc3 Ne7 9.Nb5
O-O 10.Nxd6 Qxd6 11.Be2 Nd7 12.O-O Rfc8 13.a4 Nb6 14.d3 Rc7 15.a5 Nd7 16.Ba3 b5
17.d4 a6 18.Nd2 Bf5 19.Qb3 Bc2 20.Qa2 Rac8 21.Rac1 exd4 22.exd4 Qf4 23.Nf3 Bb3
24.Qxb3 Rxc1 25.Bxc1 Rxc1 26.g3 Rxf1 27.Bxf1 Qc1 28.Kg2 Nb8 29.Bd3 Nbc6 30.h4
h5 31.Bc2 Kf8 32.Bd3 Qa1 33.Be2 Nxd4 34.Nxd4 Qxd4 35.Bxh5 Nc6 36.Bg6 Nxb4 37.
Qf3 Qe5 38.Qg4 f5 39.Qxb4 1-0

[Event "TIPC 2011"]
[Site "Roux, BEL"]
[Date "2011.07.31"]
[Round "2.23"]
[White "Van Vlaenderen, Koen"]
[Black "Keiser, Marc"]
[Result "1-0"]
[BlackElo "1831"]
[WhiteElo "2031"]

1.e4 d6 2.d4 g6 3.Nc3 Nf6 4.Nge2 Bg7 5.f3 Nbd7 6.Be3 O-O 7.g4 c6 8.Qd2 b5 9.h4
Qa5 10.h5 b4 11.Nd1 Nb6 12.b3 c5 13.Bh6 Bxg4 14.fxg4 Bxh6 15.Qxh6 Nxg4 16.Qg5
Nf6 17.hxg6 fxg6 18.Bg2 Rad8 19.Nf4 Rf7 20.O-O d5 21.exd5 cxd4 22.Nb2 Qc5 23.
Ne6 Qd6 24.Nxd8 Qxd8 25.Nd3 Nbxd5 26.Bxd5 Nxd5 27.Rxf7 Kxf7 28.Rf1 Kg7 29.Qe5
Nf6 30.Re1 Kf7 31.Qe6 Kf8 32.Ne5 Qe8 33.Rf1 Kg7 34.Rxf6 1-0

[Event "TIPC 2011"]
[Site "Roux, BEL"]
[Date "2011.08.01"]
[Round "3.2"]
[White "Laurent, Bruno"]
[Black "Ackaert, Thierry"]
[Result "1-0"]
[BlackElo "2061"]
[WhiteElo "2365"]

1.e4 e6 2.d4 a6 3.Nf3 b5 4.Bd3 Bb7 5.a4 c5 6.dxc5 Bxc5 7.O-O b4 8.Nbd2 Nf6 9.e5
Nd5 10.Ne4 Be7 11.Nfd2 Nb6 12.Qg4 Kf8 13.a5 Nc8 14.Nc4 h5 15.Qf4 Kg8 16.Be3 Qf8
17.Rad1 Bd5 18.Qg3 h4 19.Qg4 Qd8 20.Nf6 Bxf6 21.exf6 g6 22.Ne5 Qxf6 23.Bd4 Qe7
24.Nxg6 fxg6 25.Qxg6 Kf8 26.Bxh8 Nd6 27.Bf6 Qf7 28.Qh6 1-0

[Event "TIPC 2011"]
[Site "Roux, BEL"]
[Date "2011.08.01"]
[Round "3.3"]
[White "Verspecht, Thierry"]
[Black "Rooze, Jan"]
[Result "0-1"]
[BlackElo "2363"]
[WhiteElo "2077"]

1.d4 Nf6 2.c4 c5 3.d5 e5 4.Nc3 d6 5.e4 Nbd7 6.Bd3 Be7 7.Be3 O-O 8.g4 Ne8 9.Nf3
g6 10.Bh6 Ng7 11.Qd2 Nf6 12.h3 Kh8 13.Ne2 Ng8 14.Bxg7 Kxg7 15.Ng3 a6 16.a4 Bd7
17.b4 Qb6 18.bxc5 Qxc5 19.a5 Rae8 20.O-O Bc8 21.Kg2 h6 22.Bc2 Nf6 23.Ba4 Bd7
24.Rfb1 Qc7 25.Qb4 Bxa4 26.Rxa4 Nd7 27.Ne1 Nc5 28.Ra3 Bh4 29.f3 Rc8 30.Rc1 Qe7
31.Nd3 Rfd8 32.Rb1 Rd7 33.Nf2 Qg5 34.Nd1 h5 35.Ne3 Bxg3 36.Kxg3 hxg4 37.hxg4
Rh8 38.Ng2 f5 39.Qe1 Rf7 40.Qe2 fxg4 41.fxg4 Qh6 42.Rf3 Qh3 0-1

[Event "TIPC 2011"]
[Site "Roux, BEL"]
[Date "2011.08.01"]
[Round "3.4"]
[White "Van Vlaenderen, Koen"]
[Black "Maes, Wim"]
[Result "0-1"]
[BlackElo "2245"]
[WhiteElo "2031"]

1.e4 c5 2.Nf3 e6 3.d4 cxd4 4.Nxd4 a6 5.Nc3 Qc7 6.Bd3 Nf6 7.O-O Bc5 8.Nde2 b5 9.
Bf4 d6 10.a4 b4 11.Nb1 Bb7 12.Nd2 Nbd7 13.c3 Ne5 14.Bxe5 dxe5 15.Qc2 bxc3 16.
Qxc3 Rc8 17.Rac1 Ng4 18.Qb3 Qe7 19.Nf3 O-O 20.h3 Nxf2 21.Rxf2 Bxf2 22.Kxf2 Rxc1
23.Nxc1 f5 24.exf5 e4 25.Bxe4 Bxe4 26.Qxe6 Qxe6 27.fxe6 Bd5 28.Ke3 Bxe6 29.Nd4
Bd5 30.g3 Re8 31.Kd2 Bg2 32.h4 Re4 33.Nce2 Bf1 34.b3 a5 35.Ke1 Bxe2 36.Nxe2 Re3
37.Kd2 Rxb3 38.Nc3 Rb4 39.Kd3 Kf7 40.Ke3 Kg6 41.Kd4 0-1

[Event "TIPC 2011"]
[Site "Roux, BEL"]
[Date "2011.08.01"]
[Round "3.6"]
[White "Sclacmender, Julien"]
[Black "Bikady, Claude"]
[Result "1/2-1/2"]
[BlackElo "1995"]
[WhiteElo "2221"]

1.e4 c5 2.Nf3 Nc6 3.d4 cxd4 4.Nxd4 Nf6 5.Nc3 e5 6.Ndb5 d6 7.Bg5 a6 8.Na3 b5 9.
Nd5 Be7 10.Bxf6 Bxf6 11.c3 O-O 12.Nc2 Rb8 13.Be2 a5 14.a3 Bg5 15.O-O Be6 16.
Nce3 Bxe3 17.Nxe3 b4 18.axb4 axb4 19.Ra6 Rb6 20.Qa4 bxc3 21.bxc3 Qc7 22.Rxb6
Qxb6 23.Bb5 Rc8 24.h4 Qc5 25.c4 Nd4 26.Bd7 Ne2 27.Kh2 Nc3 28.Qc2 Bxd7 29.Qxc3
Be6 30.Rc1 g6 31.Qd3 Kg7 32.g3 h5 33.Qc3 Ra8 34.Qd2 Ra4 35.Qe2 1/2-1/2

[Event "TIPC 2011"]
[Site "Roux, BEL"]
[Date "2011.08.01"]
[Round "3.7"]
[White "Dessomme, Francois"]
[Black "Noiroux, Kevin"]
[Result "0-1"]
[BlackElo "2199"]
[WhiteElo "1962"]

1.d4 Nf6 2.Nf3 e6 3.Nbd2 c5 4.e3 cxd4 5.exd4 Be7 6.Bd3 b6 7.O-O Bb7 8.c4 O-O 9.
b3 d5 10.Bb2 Nc6 11.Rc1 Rc8 12.Qe2 Rc7 13.Rfd1 Qc8 14.Bb1 Rd8 15.Ne5 dxc4 16.
Ndxc4 Nb4 17.Ne3 Be4 18.Rxc7 Qxc7 19.Bxe4 Nxe4 20.a3 Nd5 21.Rc1 Qb7 22.Nc6 Re8
23.Qc2 Nd6 24.Nxe7 Qxe7 25.a4 Qg5 26.Nxd5 Qxd5 27.Ba3 Nf5 28.Qc6 Qxc6 29.Rxc6
Nxd4 30.Rc7 Nxb3 31.Rxa7 Rd8 32.g3 Nd2 33.Bd6 Nc4 34.Bc7 Rd1 35.Kg2 h6 36.Rb7
Rb1 37.Rb8 Kh7 38.Rb7 Kg6 39.Bd8 Rb4 40.Ra7 Nb2 41.a5 bxa5 42.Rxa5 Nd3 43.Ra3
Ne1 44.Kf1 Nc2 45.Ra6 Kf5 46.Ra7 Kg6 47.Ra6 Rb2 48.Ra8 Nd4 49.Be7 Nf5 50.Bc5
Rc2 51.Bb4 Kf6 52.Ra7 g5 53.Ba3 h5 54.Ra5 Kg6 55.Rb5 h4 56.gxh4 Nxh4 57.Rb8 Nf5
58.Rg8 Kf6 59.Rb8 Nh4 60.Rb7 Rc8 61.f4 Kg6 62.fxg5 Nf3 63.Be7 Nxh2 64.Kg2 Ng4
65.Kg3 Ne3 66.Bb4 Nd5 67.Ba5 Ra8 68.Bd2 Ra2 69.Bc1 Rc2 70.Bb2 Kxg5 71.Rb8 Kf5
72.Ba1 Rd2 73.Rb3 Ke4 74.Bh8 Rd3 75.Rxd3 Kxd3 76.Kf3 f6 77.Bg7 e5 78.Kf2 e4 79.
Bh6 e3 80.Ke1 f5 81.Bg5 Nb4 82.Bh4 Nc2 0-1

[Event "TIPC 2011"]
[Site "Roux, BEL"]
[Date "2011.08.01"]
[Round "3.8"]
[White "Henris, Luc"]
[Black "Marte, Sebastien"]
[Result "1-0"]
[BlackElo "1970"]
[WhiteElo "2189"]

1.e4 c5 2.c3 d5 3.exd5 Qxd5 4.d4 Nc6 5.Nf3 Bg4 6.Be2 e6 7.h3 Bh5 8.c4 Qd6 9.d5
Bxf3 10.Bxf3 Nd4 11.Nc3 O-O-O 12.O-O Nf6 13.b4 Nxf3 14.Qxf3 cxb4 15.Nb5 Qb6 16.
a3 a6 17.Be3 Bc5 18.Bxc5 Qxc5 19.axb4 Qb6 20.Nc3 exd5 21.b5 axb5 22.Nxb5 Rhe8
23.Rfb1 Kd7 24.Nc3 Qc6 25.cxd5 Qc7 26.d6 Qc6 27.Rxb7 Kxd6 28.Qf4 Re5 29.Qb4 Ke6
30.Re7 Kf5 31.g4 Kg6 32.Rxe5 Qf3 33.Qb1 Rd3 34.Re3 1-0

[Event "TIPC 2011"]
[Site "Roux, BEL"]
[Date "2011.08.01"]
[Round "3.12"]
[White "Barbier, Wim"]
[Black "Demeirleir, Alain"]
[Result "1/2-1/2"]
[BlackElo "1833"]
[WhiteElo "2147"]

1.c4 e5 2.g3 Nf6 3.Bg2 Nc6 4.Nc3 Bc5 5.a3 a5 6.e3 O-O 7.Nge2 d6 8.O-O Bf5 9.d4
exd4 10.Nxd4 Bg4 11.Nxc6 bxc6 12.Qa4 Bd7 13.Bxc6 Bxc6 14.Qxc6 Ng4 15.Na4 Ba7
16.Qe4 Qd7 17.b3 Rae8 18.Qb7 Ra8 19.Qd5 g6 20.Qg2 Rab8 21.Rb1 Ne5 22.Kh1 Nxc4
23.Nc3 Ne5 24.Rd1 Qe6 25.b4 axb4 26.axb4 Nc4 27.Ne4 d5 1/2-1/2

[Event "TIPC 2011"]
[Site "Roux, BEL"]
[Date "2011.08.01"]
[Round "3.13"]
[White "Chung Choong Lon, Marc"]
[Black "Schuermans, Robert"]
[Result "0-1"]
[BlackElo "2143"]
[WhiteElo "1805"]

1.e4 e5 2.Nc3 Nf6 3.f4 d5 4.fxe5 Nxe4 5.Qf3 Nxc3 6.bxc3 Qh4 7.Qf2 Qe4 8.Be2 Bg4
9.Nf3 Bxf3 10.Qxf3 Qxe5 11.O-O Bd6 12.Qxf7 Kd8 13.Qh5 Qxh5 14.Bxh5 Rf8 15.Rxf8
Bxf8 16.Rb1 Nd7 17.d4 Nb6 18.Bf3 Rb8 19.Bf4 Kd7 20.Be2 Re8 21.Bb5 c6 22.Bd3 Bd6
23.Bxd6 Kxd6 24.Bxh7 Re7 25.Bd3 Na4 26.c4 dxc4 27.Bxc4 b5 28.Bb3 Nc3 29.Rf1 Ne2
30.Kf2 Nxd4 31.Rd1 Kc5 32.Rd3 a5 33.Rc3 Kb6 34.Rd3 c5 35.a4 Nxb3 36.Rxb3 b4 37.
Rg3 c4 38.Rg6 Kc5 39.Rg5 Kd4 40.Rxa5 Kc3 41.Rc5 Kxc2 42.Rxc4 Kb3 43.Rc8 Kxa4
44.Ra8 Kb5 45.Rb8 Kc4 46.Rc8 Kd3 47.Rd8 Kc2 48.Rc8 Kb2 49.Rb8 b3 50.Rc8 Ka3 51.
Ra8 Kb4 52.Rb8 Kc3 53.Rc8 Kd2 54.Rb8 Kc2 55.Rc8 Kb1 56.Rb8 b2 57.Rc8 Ra7 58.Re8
Ka1 0-1

[Event "TIPC 2011"]
[Site "Roux, BEL"]
[Date "2011.08.01"]
[Round "3.14"]
[White "De Villers, Mourad"]
[Black "Mabille, Natacha"]
[Result "1-0"]
[BlackElo "1828"]
[WhiteElo "2121"]

1.c4 e5 2.g3 g6 3.Bg2 Bg7 4.Nc3 Nc6 5.d3 f5 6.Nf3 Nf6 7.O-O O-O 8.Rb1 a5 9.a3
d6 10.b4 Ne7 11.Qb3 c6 12.c5 Kh8 13.cxd6 Qxd6 14.Be3 Re8 15.Ng5 Rf8 16.Bc5 Qd7
17.Nf7 Rxf7 18.Qxf7 Ned5 19.Qxd7 Bxd7 20.Nxd5 cxd5 21.Rfc1 axb4 22.axb4 e4 23.
Bd4 Ne8 24.Bxg7 Kxg7 25.Ra1 Rd8 26.Ra7 Nd6 27.Rc5 Be6 28.h4 Kf6 29.Bf1 h6 30.e3
g5 31.hxg5 hxg5 32.Be2 Ke5 33.f3 Bc8 34.Ra8 exd3 35.Bxd3 Re8 36.e4 fxe4 37.fxe4
Be6 38.Rxe8 Nxe8 39.exd5 Bxd5 40.Bf1 Nf6 41.Bg2 Ne4 42.Rc7 Nxg3 43.Bxd5 Kxd5
44.Rxb7 Kc6 45.Re7 Kb5 46.Kf2 Nh5 47.Rb7 Kc6 48.Rb8 Nf4 49.Ke3 Nd5 50.Kd4 g4
51.Rc8 Nc7 52.Kc4 g3 53.Rg8 Nb5 54.Rxg3 Nd6 55.Kb3 Ne4 56.Rh3 Nd2 57.Ka4 Nc4
58.b5 Kb6 59.Rh6 1-0

[Event "TIPC 2011"]
[Site "Roux, BEL"]
[Date "2011.08.01"]
[Round "3.15"]
[White "Le Quang, Kim"]
[Black "De Groof, Maurice"]
[Result "1-0"]
[BlackElo "1819"]
[WhiteElo "2319"]

1.c4 Nf6 2.g3 c6 3.Nf3 d6 4.Bg2 g6 5.d4 Bg7 6.Nc3 Nbd7 7.O-O O-O 8.d5 c5 9.h3
a6 10.a4 Qc7 11.e4 Ne8 12.Bd2 Rb8 13.Qe2 b6 14.Nh2 e5 15.dxe6 fxe6 16.f4 Ndf6
17.g4 Qd8 18.Rad1 Nc7 19.Be1 Nfe8 20.e5 Qe7 21.Bg3 Bb7 22.Bxb7 Rxb7 23.Nf3 b5
24.Bh4 Qd7 25.exd6 Nxd6 26.Ne5 Bxe5 27.fxe5 Rxf1 28.Qxf1 1-0

[Event "TIPC 2011"]
[Site "Roux, BEL"]
[Date "2011.08.01"]
[Round "3.16"]
[White "Wirth, Charles"]
[Black "Remy, Joel"]
[Result "1/2-1/2"]
[BlackElo "2089"]
[WhiteElo "1879"]

1.d4 g6 2.g3 Bg7 3.Bg2 d6 4.c4 c5 5.Nf3 Nc6 6.dxc5 Qa5 7.Nbd2 Qxc5 8.O-O Be6 9.
Qa4 Nh6 10.Rb1 Qb4 11.Qxb4 Nxb4 12.a3 Na2 13.Ng5 Bc8 14.b4 Nc3 15.Rb3 Nxe2 16.
Kh1 Nxc1 17.Rxc1 Ng4 18.f3 Nf2 19.Kg1 Bd4 20.Kf1 h6 21.Nge4 Nxe4 22.Nxe4 f5 23.
Nc3 Kf7 24.Nb5 Bf6 25.f4 a6 26.Bd5 Kg7 27.Nc7 Ra7 28.Ne6 Bxe6 29.Bxe6 b6 30.c5
Rc7 31.c6 Rf8 32.Ke2 g5 33.Kf3 Kg6 34.Rc2 Bg7 35.Rd3 Kf6 36.Bd7 Kg6 37.Rd5
1/2-1/2

[Event "TIPC 2011"]
[Site "Roux, BEL"]
[Date "2011.08.01"]
[Round "3.18"]
[White "Willen, Ronny"]
[Black "Truwant, Pieter"]
[Result "1/2-1/2"]
[BlackElo "2021"]
[WhiteElo "1842"]

1.d4 Nf6 2.c4 e6 3.Nc3 Bb4 4.Bg5 h6 5.Bh4 Bxc3 6.bxc3 b6 7.e3 Bb7 8.f3 d6 9.Bd3
Nbd7 10.Ne2 Qe7 11.e4 e5 12.Bf2 c5 13.Qa4 O-O 14.d5 Nh5 15.Be3 Rfd8 16.Qc2 g5
17.g3 Qf6 18.O-O Qg6 19.Kh1 f6 20.Rg1 Kf7 21.Raf1 Ke7 22.Qd2 Rh8 23.f4 Rag8 24.
f5 Qe8 25.a4 Ng7 26.Ra1 h5 27.h3 Qd8 28.Rgb1 Qc7 29.Qa2 h4 30.g4 Ra8 31.a5 Rhg8
1/2-1/2

[Event "TIPC 2011"]
[Site "Roux, BEL"]
[Date "2011.08.01"]
[Round "3.19"]
[White "Minet, Julien"]
[Black "Vivone, Santino"]
[Result "1/2-1/2"]
[BlackElo "1966"]
[WhiteElo "2012"]

1.e4 c5 2.Nf3 e6 3.d4 d5 4.exd5 exd5 5.c4 Nf6 6.Nc3 Be6 7.Qb3 b6 8.Be3 dxc4 9.
Bxc4 Bxc4 10.Qxc4 Nbd7 11.O-O-O Be7 12.d5 Qb8 13.Bf4 Bd6 14.Rhe1 Kd8 15.Bxd6
Qxd6 16.Nb5 Qb8 17.d6 a6 18.Nc7 Rf8 19.Nxa8 Qxa8 20.Ng5 b5 21.Nxf7 Kc8 22.Qe6
Qxg2 23.Rd2 Re8 24.Qxe8 Nxe8 25.Rxe8 Kb7 26.Re7 Kc8 27.b3 Qxh2 28.Re8 Kb7 29.
Nd8 Kb6 30.Ne6 Qe5 31.Rc2 1/2-1/2

[Event "TIPC 2011"]
[Site "Roux, BEL"]
[Date "2011.08.01"]
[Round "3.22"]
[White "Werner, Ivan"]
[Black "De Strycker, Nathan"]
[Result "0-1"]
[BlackElo "1800"]
[WhiteElo "2068"]

1.e4 e6 2.d4 d5 3.Nc3 Bb4 4.Qg4 Nf6 5.Qxg7 Rg8 6.Qh6 c5 7.a3 Rg6 8.Qe3 Qa5 9.
Bd2 Ng4 10.Qd3 Nc6 11.Nf3 dxe4 12.Nxe4 Bxd2 13.Nexd2 cxd4 14.h3 Nge5 15.Nxe5
Qxe5 16.Be2 Rxg2 17.Kf1 Rg7 18.Bf3 Bd7 19.Re1 Qc7 20.b4 O-O-O 21.Qb5 e5 22.Nc4
f6 23.Bd5 Bf5 24.Rc1 Ne7 25.Bg2 Rxg2 26.Kxg2 Be4 27.f3 Bc6 28.Qa5 b6 29.Qa6 Bb7
30.Qa4 Qxc4 0-1

[Event "TIPC 2011"]
[Site "Roux, BEL"]
[Date "2011.08.01"]
[Round "3.23"]
[White "Dubois, Theo"]
[Black "Morozova, Julia"]
[Result "0-1"]
[BlackElo "2109"]
[WhiteElo "1763"]

1.d4 d5 2.Nf3 e6 3.e3 f5 4.Bd3 Nf6 5.O-O Bd6 6.c4 c6 7.Nc3 O-O 8.Ne5 Ne4 9.Bxe4
fxe4 10.c5 Bxe5 11.dxe5 Nd7 12.f3 exf3 13.Rxf3 Nxe5 14.Rg3 Qf6 15.Bd2 Nd3 16.
Rf3 Qe7 17.Rxf8 Qxf8 18.Qe2 Nxc5 19.Rf1 Qe7 20.b4 Na6 21.a3 Bd7 22.Na2 Rf8 23.
Rc1 Nc7 24.e4 Nb5 25.exd5 cxd5 26.a4 Nd4 27.Qe3 Qf6 28.b5 a6 29.Bb4 Nc2 30.Qe2
Qd4 31.Kh1 Nxb4 32.Rd1 Qh4 33.g3 Qe7 34.Nc3 axb5 35.axb5 Qf6 36.Ne4 dxe4 37.
Rxd7 Qf3 38.Qxf3 exf3 0-1

[Event "TIPC 2011"]
[Site "Roux, BEL"]
[Date "2011.08.01"]
[Round "3.24"]
[White "Callier, Christophe"]
[Black "Fernandez, Miguel"]
[Result "1-0"]
[BlackElo "1784"]
[WhiteElo "2051"]

1.e4 c5 2.Nf3 d6 3.d4 cxd4 4.Nxd4 Nf6 5.Nc3 a6 6.Bc4 e6 7.Bb3 b5 8.f3 Bd7 9.Be3
Nc6 10.g4 Be7 11.g5 Nh5 12.f4 g6 13.Nde2 b4 14.Na4 Rb8 15.Ng3 Ng7 16.h4 h5 17.
O-O O-O 18.f5 exf5 19.exf5 Nxf5 20.Nxf5 Bxf5 21.Rxf5 gxf5 22.Qxh5 Ne5 23.g6
Nxg6 24.Qxg6 Kh8 25.Bd4 Bf6 26.Bxf6 Qxf6 27.Qxf6 Kh7 28.Bxf7 1-0

[Event "TIPC 2011"]
[Site "Roux, BEL"]
[Date "2011.08.01"]
[Round "4.1"]
[White "Vandevoort, Pascal"]
[Black "Henris, Luc"]
[Result "1-0"]
[BlackElo "2189"]
[WhiteElo "2409"]

1.e4 e5 2.Nf3 d6 3.d4 exd4 4.Nxd4 Nf6 5.Nc3 Be7 6.g3 d5 7.e5 Ng4 8.Bg2 Nxe5 9.
Nxd5 Bg4 10.Qd2 Bh3 11.Nxc7 Qxc7 12.Bxh3 Nbc6 13.Nb5 Qb6 14.Qe2 a6 15.Nc3 Nd4
16.Qe4 Ndf3 17.Kf1 Rd8 18.Qe2 f6 19.Bg2 Nd4 20.Qe4 O-O 21.Qxb7 Qxb7 22.Bxb7
Nxc2 23.Rb1 a5 24.Be4 Nb4 25.a3 Nbd3 26.Be3 Rb8 27.f4 Ng4 28.Ba7 Rbd8 29.Bb6
Rd6 30.Nd5 Bd8 31.Bd4 Kh8 32.Ke2 f5 33.Bf3 1-0

[Event "TIPC 2011"]
[Site "Roux, BEL"]
[Date "2011.08.01"]
[Round "4.2"]
[White "Lacroix, Bruno"]
[Black "Laurent, Bruno"]
[Result "0-1"]
[BlackElo "2365"]
[WhiteElo "2185"]

1.c4 e5 2.g3 Nf6 3.Bg2 c6 4.Nc3 d5 5.cxd5 cxd5 6.d4 exd4 7.Qxd4 Nc6 8.Qa4 d4 9.
Ne4 Bb4 10.Bd2 Bxd2 11.Nxd2 O-O 12.Bxc6 bxc6 13.Ngf3 d3 14.O-O dxe2 15.Rfe1 Re8
16.Qxc6 Bg4 17.Kg2 Rc8 18.Qa4 Qd3 19.h3 Bd7 20.Qd4 Qf5 21.g4 Qb5 22.a4 Qb7 23.
Ra3 Bc6 24.Kg3 Rcd8 25.Qc4 Bd5 26.Qb5 Qc7 27.Kg2 Qc2 28.Kg3 Bc6 29.Qb4 Nd5 30.
Qb3 Qc5 31.Nc4 Ba8 32.Nce5 f6 33.Nd3 Qd6 34.Kg2 Kh8 35.Qc4 Re3 36.Nde5 Rxe5 0-1

[Event "TIPC 2011"]
[Site "Roux, BEL"]
[Date "2011.08.01"]
[Round "4.3"]
[White "Rooze, Jan"]
[Black "Ponnet, Hendrik"]
[Result "1/2-1/2"]
[BlackElo "2159"]
[WhiteElo "2363"]

1.e4 d5 2.exd5 Qxd5 3.Nc3 Qa5 4.Bc4 Nf6 5.d3 c6 6.Nge2 Bf5 7.Ng3 Bg6 8.O-O e6
9.Qe1 Nbd7 10.Bf4 Be7 11.Bd2 Qc7 12.Nce2 Nb6 13.Bb3 Bd6 14.Qc1 Nh5 15.Re1 Nxg3
16.hxg3 h5 17.Bg5 Nd5 18.Nd4 Kd7 19.a3 e5 20.Nb5 cxb5 21.Bxd5 f6 22.Be3 Bf5 23.
c4 bxc4 24.dxc4 Rac8 25.Qd1 b6 26.b4 Ke8 27.Rc1 Qe7 28.Qa4 Kf8 29.Qa6 Rc7 30.
Red1 Bc8 31.Qa4 Bd7 32.Qc2 Qe8 33.Be4 Ba4 34.Qd2 Be7 35.Re1 Qc8 36.c5 bxc5 37.
Bxc5 Bxc5 38.Rxc5 Rxc5 39.Qd6 Kf7 40.Qxc5 Qxc5 41.bxc5 Rc8 42.Rb1 Rc7 1/2-1/2

[Event "TIPC 2011"]
[Site "Roux, BEL"]
[Date "2011.08.01"]
[Round "4.4"]
[White "Maes, Wim"]
[Black "Van Uytven, Eric"]
[Result "1-0"]
[BlackElo "2158"]
[WhiteElo "2245"]

1.e4 c5 2.Nf3 a6 3.d3 g6 4.g3 Bg7 5.Bg2 d6 6.O-O Nc6 7.c3 e5 8.a3 Nge7 9.b4 O-O
10.Nbd2 h6 11.Bb2 Be6 12.Re1 Rb8 13.Rb1 Qd7 14.d4 cxd4 15.cxd4 Nxd4 16.Nxd4
exd4 17.Nf3 Nc6 18.Nxd4 Ne5 19.f4 Nc4 20.Nxe6 fxe6 21.Bxg7 Qxg7 22.Bf1 Nxa3 23.
Rb3 Nb5 24.Bxb5 axb5 25.Qxd6 Rbe8 26.Rd3 Kh8 27.Rc1 Rf7 28.Rc5 g5 29.fxg5 Ref8
30.Qe5 hxg5 31.Qxg7 Rxg7 32.Rxb5 Kh7 33.Kg2 Kg6 34.Rf3 Rgf7 35.Rxf7 Rxf7 36.h3
Kh6 37.Rc5 Kg6 38.b5 Rf6 39.Rc7 b6 40.Rc6 e5 41.Rxf6 Kxf6 42.Kf3 Kg7 43.Kg4 Kg6
44.h4 gxh4 45.gxh4 1-0

[Event "TIPC 2011"]
[Site "Roux, BEL"]
[Date "2011.08.01"]
[Round "4.5"]
[White "Cools, Gorik"]
[Black "Schuermans, Robert"]
[Result "1-0"]
[BlackElo "2143"]
[WhiteElo "2230"]

1.e4 Nf6 2.e5 Nd5 3.d4 d6 4.Nf3 Nc6 5.Bb5 a6 6.Bxc6 bxc6 7.O-O g6 8.c4 Nb6 9.
Nbd2 Bg7 10.b3 O-O 11.Bb2 Nd7 12.Re1 dxe5 13.Nxe5 Bxe5 14.dxe5 Nc5 15.Ba3 Nd3
16.Re3 Bf5 17.Nf1 g5 18.Qh5 c5 19.Qxg5 Bg6 20.Rd1 Kh8 21.Bxc5 Nxc5 22.Rxd8
Raxd8 23.Qxe7 Ne6 24.Qf6 Kg8 25.f4 Rd1 26.f5 Ng7 27.g4 h5 28.h3 Bh7 29.Kg2 Rfd8
30.Ng3 R8d2 31.Re2 hxg4 32.hxg4 Rd4 33.Ne4 Ne6 34.fxe6 Bxe4 35.Rxe4 Rxe4 36.
Qxf7 Kh8 37.Qf8 Kh7 38.Qf5 1-0

[Event "TIPC 2011"]
[Site "Roux, BEL"]
[Date "2011.08.01"]
[Round "4.6"]
[White "Noiroux, Kevin"]
[Black "De Villers, Mourad"]
[Result "1-0"]
[BlackElo "2121"]
[WhiteElo "2199"]

1.d4 Nf6 2.Nf3 g6 3.Nc3 Bg7 4.e4 d6 5.h3 O-O 6.Be3 c6 7.a4 Qa5 8.Qd2 b5 9.e5 b4
10.Na2 Nd5 11.Bc4 Nxe3 12.fxe3 dxe5 13.Qxb4 Qc7 14.O-O e4 15.Ng5 Bf5 16.Qe1 e6
17.g4 Bf6 18.gxf5 Bxg5 19.fxe6 fxe6 20.Bxe6 Kg7 21.Rxf8 Kxf8 22.Qf2 Ke7 23.Bc4
Ke8 24.Rf1 Qe7 25.Qg3 Bf6 26.Nc3 Nd7 27.Rf4 Kf8 28.Rxe4 Qb4 29.Bb3 Re8 30.Qg4
Rxe4 31.Qxe4 Qd6 32.Kg2 Kg7 33.Qe6 Qc7 34.Ne4 h5 35.Qf7 1-0

[Event "TIPC 2011"]
[Site "Roux, BEL"]
[Date "2011.08.01"]
[Round "4.7"]
[White "Demeirleir, Alain"]
[Black "Le Quang, Kim"]
[Result "0-1"]
[BlackElo "2319"]
[WhiteElo "1833"]

1.d4 Nf6 2.c4 g6 3.Nc3 Bg7 4.e4 d6 5.Bd3 O-O 6.Nge2 Nc6 7.a3 Nh5 8.Be3 e5 9.d5
Nd4 10.O-O c5 11.dxc6 bxc6 12.b4 Be6 13.Rb1 Qd7 14.f4 f5 15.b5 c5 16.Nd5 Bxd5
17.exd5 Nxe2 18.Bxe2 exf4 19.Bxf4 Nxf4 20.Rxf4 Rae8 21.a4 Qe7 22.Kf1 g5 23.Rf3
g4 24.Rfb3 Bd4 25.Qe1 Qe5 26.Rg3 Qf4 0-1

[Event "TIPC 2011"]
[Site "Roux, BEL"]
[Date "2011.08.01"]
[Round "4.10"]
[White "Bikady, Claude"]
[Black "De Strycker, Nathan"]
[Result "1/2-1/2"]
[BlackElo "1800"]
[WhiteElo "1995"]

1.e4 e6 2.d4 d5 3.e5 c5 4.c3 Nc6 5.Nf3 Qb6 6.a3 Nh6 7.b4 cxd4 8.cxd4 Nf5 9.Bb2
h5 10.Bd3 Be7 11.Bxf5 exf5 12.Nc3 Be6 13.h4 Kf8 14.Qd3 Na5 15.bxa5 Qxb2 16.O-O
Rc8 17.Nb5 g6 18.Rfb1 Qc2 19.Qxc2 Rxc2 20.Nd6 Rc7 21.Nb5 Rd7 22.Nxa7 Kg7 23.Nb5
Ra8 24.Nd6 Bxd6 25.exd6 Rxd6 26.Rxb7 Rxa5 27.g3 1/2-1/2

[Event "TIPC 2011"]
[Site "Roux, BEL"]
[Date "2011.08.01"]
[Round "4.11"]
[White "Van Mechelen, Jan"]
[Black "Watelet, Sylvain"]
[Result "1/2-1/2"]
[BlackElo "1890"]
[WhiteElo "2242"]

1.d4 Nf6 2.c4 e5 3.dxe5 Ne4 4.Nd2 Bb4 5.Ngf3 Nc6 6.a3 Bxd2 7.Nxd2 Nxd2 8.Qxd2
Nxe5 9.e3 O-O 10.Be2 d6 11.b3 Bd7 12.Bb2 Bc6 13.O-O Qg5 14.f3 Rfe8 15.Rae1 Re7
16.Bd1 Nd7 17.b4 b6 18.Qc3 Rae8 19.e4 Nf8 20.Bc2 f6 21.Bc1 Qe5 22.Qxe5 dxe5 23.
Rd1 Ne6 24.Be3 Rd8 25.Rxd8 Nxd8 26.Rd1 1/2-1/2

[Event "TIPC 2011"]
[Site "Roux, BEL"]
[Date "2011.08.01"]
[Round "4.12"]
[White "Morozova, Julia"]
[Black "Wirth, Charles"]
[Result "1-0"]
[BlackElo "1879"]
[WhiteElo "2109"]

1.d4 d5 2.Nf3 Nf6 3.e3 c5 4.b3 Nc6 5.Bb2 cxd4 6.exd4 Bg4 7.Be2 e6 8.O-O Be7 9.
c4 O-O 10.Nbd2 Rc8 11.a3 a5 12.Rc1 Qb6 13.c5 Qa7 14.Bc3 b6 15.b4 axb4 16.axb4
Ra8 17.b5 Na5 18.Ra1 Qc7 19.Bxa5 Rxa5 20.Rxa5 bxa5 21.b6 Qb7 22.Ne5 Bxe2 23.
Qxe2 Ra8 24.Qb5 Bd8 25.Rb1 1-0